| 000 | 02315nam0a2200421 4500 | ||
|---|---|---|---|
| 001 | RU\NLR\BIBL_A\022343349 | ||
| 005 | 20251214193545.0 | ||
| 010 | _a978-5-9519-4674-4 | ||
| 035 | _a(NLR Aleph) 022343349 | ||
| 090 |
_a13495714 _c13495714 |
||
| 100 | _a20241007d2024 k y0rusy50 ca | ||
| 101 | 1 |
_arus _ceng |
|
| 102 | _aRU | ||
| 105 | _aa z 001yy | ||
| 181 | 0 |
_ai _bxxxe |
|
| 182 | 0 | _an | |
| 200 | 1 |
_aТкань космоса _eпространство, время и текстура реальности _fБрайан Грин _gперевод с английского под общим руководством Б. С. Ишханова, под редакцией кандидата физико-математических наук В. О. Малышенко и доктора физико-математических наук А. Д. Панова |
|
| 203 |
_aТекст _bвизуальный _cнепосредственный |
||
| 205 | _aИзд. 4-е | ||
| 210 |
_aМосква _cURSS, Ленанд _d2024 |
||
| 215 |
_a597 c. _cил. _d22 |
||
| 300 | _aПер. изд.: The Fabric of the Cosmos / Brian Greene. New York : Alfred A. Knopf, 2004 | ||
| 300 | _aВ аннот. авт.: Б. Грин – физик | ||
| 300 | _aНа обороте тит. с.: Первич. пер. с англ. яз. выполнен Ю. А. Артамоновым и И. В. Савенковым | ||
| 301 | _aВ кн. также указаны ISBN предыдущих изд.: 978-5-9710-1847-6 (Ленанд, 2015 г.); ISBN 978-5-453-00220-7 (УРСС, 2022 г.) | ||
| 320 | _aБиблиогр.: с. 569–572 и в примеч.: с. 505–557 | ||
| 320 | _aПредм. и имен. указ.: с. 573–597 | ||
| 320 | _aДругие кн. авт. на обл. | ||
| 454 | 0 |
_12001#$aThe Fabric of the Cosmos$fBrian Greene _1210##$aNew York$cAlfred A. Knopf$d2004 _1700#1$aGreene$bB.$f1963-$gBrian _tThe Fabric of the Cosmos _aGreene, Brian (1963-) |
|
| 606 | 1 |
_aПространство и время _92173538 _3RU\NLR\AUTH\661307338 |
|
| 606 | 1 |
_aКосмология _91289119 _3RU\NLR\AUTH\66532630 |
|
| 686 | 1 | _aВ31 | |
| 686 | 1 | _aВ632.93 | |
| 700 | 1 |
_aГрин _bБ. _f1963- _gБрайан |
|
| 942 | _cBOOK | ||
| 980 | _aNB | ||